Państwa graniczące z Ugandą - Statystyki

Ogólne statystyki
  • Ten quiz został rozwiązany 17 razy
  • Średni wynik to 5 z 5
Statystyki odpowiedzi
Długość granicy Państwo % Poprawnych
765 km Demokratyczna Republika Konga
100%
169 km Rwanda
93%
396 km Tanzania
93%
933 km Kenia
87%
435 km Sudan Południowy
87%
Nie znaleziono quizów pasujących do podanych kryteriów
Rozkład punktacji
Procent ludzi z każdym wynikiem
Percentyl według liczby udzielonych odpowiedzi
Twoja historia wyników
Nie rozwiązałeś tego quizu